Guess the Popular Taylor Swift Song By Obscure Lyric - Statistics

General Stats
  • This quiz has been taken 90 times
  • The average score is 18 of 25
Answer Stats
Hint Answer % Correct
Its like I got this music in my mind Shake It Off
97%
It feels like a perfect night, For breakfast at midnight 22
91%
You're the King, baby, I'm your Queen Blank Space
87%
And I'm a monster on the hill Anti-Hero
84%
Walk in the streets with you in your worn-out jeans You Belong With Me
83%
His love was like driving a new Maserati down a dead end street Red
81%
The ties were black, the lies were white Getaway Car
80%
I thought Heaven can't help me now Wildest Dreams
80%
Photo album on the counter, Your cheeks were turning red All Too Well
79%
Hang your head low, In the glow of the vending machine Cruel Summer
79%
My faith in you was fading, When I met you on the outskirts of town Love Story
79%
My heart's been borrowed and yours has been blue Lover
77%
Flew me to places I'd never been, 'Til you put me down I Knew You Were Trouble
73%
You asked me for a place to sleep, Locked me out and threw a feast Look What You Made Me Do
73%
Puttin' someone first only works when you're in their top five Bejeweled
70%
This was the very first page, Not where the story line ends Enchanted
67%
Spider-boy, king of thieves, Weave your little webs of opacity Karma
67%
The only kind of girl they see, Is a one-night or a wife Lavender Haze
67%
So if you come in my way, just don't Bad Blood
66%
And then the cold came, the dark days Back to December
63%
Hold on to spinning around, Confetti falls to the ground Long Live
63%
The lights are of, he's taking off his coat Style
57%
And you would hide away and find your peace of mind We Are Never Ever Getting Back Together
57%
I was walkin' up the front porch steps after everything that day Our Song
54%
I know you never get just what you see Me
31%
No matching quizzes found
Score Distribution
Percent of People with Each Score
Percentile by Number Answered
Your Score History
You have not taken this quiz